01322 a2200181 45000010006000000050017000060080041000230030015000640400040000790800065001192450073001840200022002572640106002793000019003855050555004041000029009598560152009882393320260407155525.0260407a2013 arg spa dAR-UNSa-BCEJYS aAR-UNSa-BCEJYSbspacAR-UNSa-BCEJYS a343.12xPartes. Denuncias. Querellas. Reclamaciones. Defensa10aDetenidos en prisión preventivapjornadas de temática carcelaria a978-987-03-2509-3 1aBuenos Aires :bUniversidad de Buenos Aires. Facultad de Derecho. Departamento de Publicacionesc2013 a301 p.c24 cm. a1. Cómo surgieron estas jornadas - 2. Palabras inaugurales apertura de las jornadas - 3. Conferencia acerca de los derechos de las personas privadas de la libertad - 4. Cuestiones vinculadas al cumplimiento de la prisión preventiva: marco normativo, la realidad carcelaria - 5. Discriminación: cuestiones de género. La problemática de los extranjeros - 6. Madres con hijos. Niñez y prisión. La situación de los familiares - 7. Educación en contexto de encierro - 8. Salud en contexto de encierro - 9. Trabajo en contexto de encierro1 aFreiler, Eduardo Rodolfo41uhttps://biblioeco.unsa.edu.ar/pmb/images/libros/Detenidos en Prisi?n preventiva. Jornada de tem?tica Carcelaria.jpgyImagen de portadaqimage/jpeg